| 000 -CABECERA |
| Campo de control de longitud fija |
00723nam a22001937a 4500 |
| 005 - FECHA Y HORA DE LA ÚLTIMA TRANSACCIÓN |
| Campo de control |
20240912192245.0 |
| 008 - CAMPO FIJO DE DESCRIPCIÓN FIJA--INFORMACIÓN GENERAL |
| Campo de control de longitud fija |
240912b ||||| |||| 00| 0 eng d |
| 020 ## - ISBN (INTERNATIONAL STANDARD BOOK NUMBER) |
| ISBN |
9788429781991 |
| 040 ## - FUENTE DE CATALOGACIÓN |
| Agencia de catalogación original |
CDMR |
| Agencia que realiza la modificación |
CDMR |
| 100 ## - ENCABEZAMIENTO PRINCIPAL--NOMBRE PERSONAL |
| 9 (RLIN) |
4969 |
| Nombre de persona |
Harari, Yuval Noah |
| 245 ## - MENCIÓN DE TÍTULO |
| Título |
Nexus |
| Parte restante del título |
: breu història de les xarxes d'informació des de l'edat de pedra a la intel·ligència artificial |
| Mención de responsabilidad, etc. |
/ Yuval Noah Harari ; traducció de Núria Busquet Molist |
| 260 ## - PUBLICACIÓN, DISTRIBUCIÓN, ETC (PIE DE IMPRENTA) |
| Lugar de publicación, distribución, etc. |
Barcelona |
| Nombre del editor, distribuidor, etc. |
: Edicions 62, |
| Fecha de publicación, distribución, etc. |
2024 |
| 300 ## - DESCRIPCIÓN FÍSICA |
| Extensión |
691 pàgines |
| 490 ## - MENCIÓN DE SERIE |
| Mención de serie |
Llibres a l'abast |
| 650 #0 - ASIENTO SECUNDARIO DE MATERIA--TÉRMINO DE MATERIA |
| 9 (RLIN) |
3156 |
| Nombre de materia o nombre geográfico como elemento de entrada |
Societat de la informació |
| 650 #0 - ASIENTO SECUNDARIO DE MATERIA--TÉRMINO DE MATERIA |
| 9 (RLIN) |
3508 |
| Nombre de materia o nombre geográfico como elemento de entrada |
Tecnologia de la informació |
| Subdivisión general |
Aspectes socials |
| 650 #0 - ASIENTO SECUNDARIO DE MATERIA--TÉRMINO DE MATERIA |
| 9 (RLIN) |
4423 |
| Nombre de materia o nombre geográfico como elemento de entrada |
Tecnologia i civilització |
| 942 ## - ELEMENTOS KOHA |
| Fuente de clasificación o esquema de ordenación en estanterías |
|
| Koha tipo de item |
Monografies |